000 005230000a22001810004500
003 MACL
005 20160305140913.0
008 160305b xxu||||| |||| 00| 0 eng d
040 _aMACL
_cMACL
041 _aHindi
082 _a891.432
100 _aगोविन्‍द चातक
_941385
245 _aबॉसुरी बजती रही
260 _bतक्षशिला प्रकाशन
_c1989
_aदिल्‍ली
350 _a35
650 _aDrama
_943102
942 _cHIN
_k891.432
_2ddc
999 _c29102
_d29102